[Event "Schloss op 1st"]
[Site "Heusenstamm"]
[Date "2014.11.22"]
[Round "4.41"]
[White "Koellner, Ruben Gideon"]
[Black "Libuda, Thomas"]
[Result "1-0"]
[WhiteElo "1529"]
[BlackElo "1924"]
[PlyCount "117"]
[EventDate "2014.11.??"]
[EventType "swiss"]
[EventRounds "7"]
[EventCountry "GER"]
[WhiteTeam "SV Bergneustadt/Derschlag"]
[BlackTeam "1 Hainstaedter SC 1950"]

1. d4 g6 2. Nf3 Bg7 3. e3 d6 4. c4 Nf6 5. Nc3 O-O 6. Be2 Nbd7 7. O-O c5 8. Re1
b6 9. b3 Bb7 10. Bb2 a6 11. d5 Ne4 12. Qc2 f5 13. Nxe4 fxe4 14. Bxg7 exf3 15.
Bxf8 Qxf8 16. Bxf3 Ne5 17. Be4 Qh6 18. f4 Ng4 19. h3 Nf6 20. f5 g5 21. Bf3 Rf8
22. e4 Qg7 23. Qc3 h5 24. g3 g4 25. hxg4 hxg4 26. Bg2 Bc8 27. Rac1 Qg5 28. Qe3
Qh5 29. Kf2 Nh7 30. Rh1 Qf7 31. Qf4 Qf6 32. Qxg4+ Ng5 33. Rcd1 Rf7 34. Rh5 Rg7
35. Qh4 Qb2+ 36. Kf1 Nh7 37. Qf4 Qxa2 38. Qe3 Qc2 39. Rd2 Qc1+ 40. Kf2 Nf6 41.
Rg5 Ng4+ 42. Rxg4 Rxg4 43. Bf3 Rg7 44. Bh5 Qh1 45. Bg6 Bd7 46. e5 dxe5 47. Qxe5
Qh2+ 48. Ke3 Qg1+ 49. Kd3 Qf1+ 50. Kc2 Rxg6 51. fxg6 Bf5+ 52. Kb2 Qb1+ 53. Ka3
b5 54. Qb2 b4+ 55. Ka4 Bd7+ 56. Ka5 Qxg6 57. Rh2 Bf5 58. Qe5 Kf7 59. Rf2 1-0

[Event "Schloss op 1st"]
[Site "Heusenstamm"]
[Date "2014.11.22"]
[Round "4.42"]
[White "Budde, Michael"]
[Black "Held, Maurice"]
[Result "0-1"]
[WhiteElo "1876"]
[BlackElo "1634"]
[PlyCount "90"]
[EventDate "2014.11.??"]
[EventType "swiss"]
[EventRounds "7"]
[EventCountry "GER"]
[WhiteTeam "SC Floersheim 1921"]
[BlackTeam "SC Ladja Rossdorf"]

1. d4 g6 2. c4 Bg7 3. Nc3 c5 4. Nf3 cxd4 5. Nxd4 Nf6 6. e4 d6 7. f3 Nc6 8. Be3
O-O 9. Qd2 Nxd4 10. Bxd4 Bd7 11. h4 a6 12. Be2 Rc8 13. g4 Be6 14. b3 Qa5 15.
Rc1 Rc6 16. Kf2 h5 17. b4 Qxb4 18. Bxf6 Bxf6 19. gxh5 Qc5+ 20. Kf1 Bxc4 21.
hxg6 Bxc3 22. gxf7+ Kxf7 23. Qc2 Bxe2+ 24. Qxe2 Qc4 25. Qxc4+ Rxc4 26. Rh2 b5
27. Rd1 Be5 28. Rg2 Ke8 29. Rd3 Rxe4 30. h5 Rh4 31. Rg5 Rh8 32. Ra3 R4xh5 33.
Rxh5 Rxh5 34. Rxa6 Rf5 35. Ke2 Bf4 36. Kd3 Rc5 37. Ke4 Bg5 38. Kd3 Bf6 39. Ke4
Rc4+ 40. Kd5 Ra4 41. Rb6 b4 42. Ke6 Kf8 43. Kf5 Kg7 44. Rb5 Kf7 45. Rb7 Bc3 0-1

[Event "Schloss op 1st"]
[Site "Heusenstamm"]
[Date "2014.11.22"]
[Round "4.43"]
[White "Kreyssig, Bruno"]
[Black "Burow, Roger"]
[Result "1-0"]
[WhiteElo "1875"]
[BlackElo "1628"]
[PlyCount "105"]
[EventDate "2014.11.??"]
[EventType "swiss"]
[EventRounds "7"]
[EventCountry "GER"]
[WhiteTeam "SG Leipzig"]
[BlackTeam "SV 1920 Kelsterbach"]

1. e4 c5 2. Nf3 Nc6 3. d4 cxd4 4. Nxd4 Nf6 5. Nc3 d6 6. g3 Bd7 7. Bg2 a6 8. O-O
Rc8 9. a4 e5 10. Nde2 Be7 11. Bg5 O-O 12. Bxf6 gxf6 13. Nd5 Be6 14. Nec3 Kh8
15. f4 Rg8 16. Kh1 Bf8 17. fxe5 fxe5 18. Nf6 Rg6 19. Ncd5 Bg7 20. Nh5 Nd4 21.
Nxg7 Kxg7 22. Ne3 Qd7 23. c3 Nc6 24. Nf5+ Bxf5 25. Rxf5 Ne7 26. Rf2 Qc7 27. Qb3
Rf8 28. Raf1 Ng8 29. Qd1 Qd7 30. Rf5 Nh6 31. Rh5 Re8 32. Bh3 Qd8 33. Bf5 Rg5
34. Rxg5+ Qxg5 35. Qxd6 Nxf5 36. Rxf5 Qc1+ 37. Kg2 Qxb2+ 38. Kh3 Re6 39. Rg5+
Rg6 40. Qxe5+ Kf8 41. Qh8+ Ke7 42. Re5+ Re6 43. Rxe6+ Kxe6 44. Qxh7 Qxc3 45.
Qf5+ Ke7 46. e5 Qc6 47. Qf6+ Qxf6 48. exf6+ Kxf6 49. a5 Ke6 50. Kg4 Kd5 51. h4
b5 52. axb6 Kc6 53. h5 1-0

[Event "Schloss op 1st"]
[Site "Heusenstamm"]
[Date "2014.11.22"]
[Round "4.44"]
[White "Modanese, Augusto"]
[Black "Deppe, Leo"]
[Result "1-0"]
[WhiteElo "1875"]
[BlackElo "1610"]
[PlyCount "35"]
[EventDate "2014.11.??"]
[EventType "swiss"]
[EventRounds "7"]
[EventCountry "GER"]
[BlackTeam "SC Bad Soden"]

1. d4 Nf6 2. Nf3 e6 3. e3 c5 4. Nbd2 d5 5. c3 Bd6 6. Bd3 Nc6 7. O-O O-O 8. dxc5
Bxc5 9. e4 d4 10. Nb3 Bb6 11. e5 Nd5 12. Nbxd4 h6 13. Nxc6 bxc6 14. Nd4 Bb7 15.
Qg4 Kh8 16. Qh5 Kg8 17. Bxh6 gxh6 18. Qxh6 1-0

[Event "Schloss op 1st"]
[Site "Heusenstamm"]
[Date "2014.11.22"]
[Round "4.45"]
[White "Kirchner, Markus"]
[Black "Weiland, Thomas"]
[Result "1/2-1/2"]
[WhiteElo "1451"]
[BlackElo "1847"]
[PlyCount "45"]
[EventDate "2014.11.??"]
[EventType "swiss"]
[EventRounds "7"]
[EventCountry "GER"]
[WhiteTeam "SF Schoeneck"]
[BlackTeam "SV Oberursel"]

1. e4 d5 2. exd5 Nf6 3. d4 Nxd5 4. c4 Nb6 5. Nc3 g6 6. Be3 Bg7 7. Nf3 O-O 8. h3
e6 9. Be2 Nc6 10. O-O Re8 11. Qd2 Ne7 12. Bf4 a6 13. a4 Nf5 14. Rfd1 Bd7 15. a5
Nc8 16. c5 Bc6 17. Be3 Nxe3 18. fxe3 Bh6 19. Qd3 Na7 20. Kf2 Nb5 21. Nxb5 Bxb5
22. Qb3 c6 23. Re1 1/2-1/2

[Event "Schloss op 1st"]
[Site "Heusenstamm"]
[Date "2014.11.22"]
[Round "4.46"]
[White "Berkes, Joerg"]
[Black "Fuessel, Jan Michael"]
[Result "1-0"]
[WhiteElo "1775"]
[BlackElo "1565"]
[PlyCount "71"]
[EventDate "2014.11.??"]
[EventType "swiss"]
[EventRounds "7"]
[EventCountry "GER"]
[WhiteTeam "SK Langen"]
[BlackTeam "VSG 1880 Offenbach"]

1. Nf3 d5 2. g3 Nf6 3. Bg2 e6 4. O-O Be7 5. d3 O-O 6. Nbd2 b6 7. e4 dxe4 8.
dxe4 Bb7 9. Re1 c5 10. c4 Qc7 11. e5 Nfd7 12. Ne4 Nc6 13. Bf4 Rfd8 14. Qe2
Ndxe5 15. Nxe5 Nxe5 16. Qh5 f5 17. Ng5 Bxg5 18. Bxe5 Qe7 19. Bxb7 Qxb7 20. Qxg5
Rd3 21. Bc3 Qf7 22. Re2 Re8 23. Rae1 g6 24. h4 h5 25. Qf4 Kh7 26. Re3 Rd7 27.
Qe5 Rde7 28. Rd3 Rd7 29. Rd6 Rde7 30. Qf6 Qg8 31. Be5 Kh6 32. Qg5+ Kh7 33. Red1
Qf7 34. Rd8 Qf8 35. R1d7 Qf7 36. Rxe8 1-0

[Event "Schloss op 1st"]
[Site "Heusenstamm"]
[Date "2014.11.22"]
[Round "4.47"]
[White "Kirchner, Stefan"]
[Black "Blank, Stefan"]
[Result "0-1"]
[WhiteElo "1481"]
[BlackElo "1808"]
[PlyCount "100"]
[EventDate "2014.11.??"]
[EventType "swiss"]
[EventRounds "7"]
[EventCountry "GER"]
[WhiteTeam "SF Schoeneck"]
[BlackTeam "SC Sulzbach"]

1. e4 c5 2. Nf3 g6 3. d4 Bg7 4. Be3 Nc6 5. Nc3 cxd4 6. Nxd4 Nf6 7. Be2 O-O 8.
Qd2 d6 9. f3 a6 10. h4 Nh5 11. Nxc6 bxc6 12. Bc4 Ng3 13. Rh2 Be5 14. Bf4 Bxf4
15. Qxf4 Nh5 16. Qg5 Kg7 17. O-O-O h6 18. Qd2 Nf6 19. e5 Ne8 20. h5 g5 21. f4
g4 22. f5 Bxf5 23. Bd3 Bxd3 24. Qxd3 Qa5 25. Rh4 Qxe5 26. Rxg4+ Kh8 27. Qf3 Nf6
28. Rc4 c5 29. Nd5 Nxd5 30. Rxd5 Qe1+ 31. Rd1 Qe6 32. Re4 Qxa2 33. c4 Qa1+ 34.
Kc2 Qa4+ 35. Kc1 Qa1+ 36. Kc2 Qa4+ 37. Kc1 Qd7 38. Qc3+ f6 39. Rde1 e5 40. g4
a5 41. Qe3 Qg7 42. Rd1 Ra6 43. Rf1 Qg5 44. Kc2 Qxe3 45. Rxe3 Kg7 46. Ref3 Ra7
47. Kd3 Rb7 48. Kc2 a4 49. Ra1 Rb4 50. Rfa3 Rxc4+ 0-1

[Event "Schloss op 1st"]
[Site "Heusenstamm"]
[Date "2014.11.22"]
[Round "4.48"]
[White "Bunjaku, Lulzim"]
[Black "Wilk, David"]
[Result "1-0"]
[WhiteElo "1802"]
[BlackElo "1525"]
[PlyCount "79"]
[EventDate "2014.11.??"]
[EventType "swiss"]
[EventRounds "7"]
[EventCountry "GER"]
[WhiteTeam "SC Heusenstamm"]
[BlackTeam "SF Mainz"]

1. f4 b6 2. Nf3 Bb7 3. e3 g6 4. Bc4 d5 5. Bb3 Bg7 6. d4 Nf6 7. O-O O-O 8. c4 c6
9. Nc3 e6 10. Ne5 Ba6 11. Rf3 Nbd7 12. Qe2 Nxe5 13. fxe5 Nd7 14. Bd2 Rc8 15.
Rc1 c5 16. Nb5 Bxb5 17. cxb5 Bh6 18. Rcf1 Qe8 19. a4 cxd4 20. exd4 Bxd2 21.
Qxd2 Qe7 22. Qh6 f5 23. exf6 Nxf6 24. Qg5 Kg7 25. Qe5 Rcd8 26. g4 Qd6 27. Rxf6
Qxe5 28. dxe5 Rde8 29. g5 Rc8 30. Rxf8 Rxf8 31. Rxf8 Kxf8 32. Kf2 Ke7 33. Ke3
Kd7 34. Kd4 Ke7 35. Bxd5 exd5 36. Kxd5 Kd7 37. e6+ Ke7 38. Ke5 Ke8 39. Kd6 Kd8
40. e7+ 1-0

[Event "Schloss op 1st"]
[Site "Heusenstamm"]
[Date "2014.11.22"]
[Round "4.49"]
[White "Ruell, Michael"]
[Black "Held, Gerd"]
[Result "1/2-1/2"]
[WhiteElo "1782"]
[BlackElo "1454"]
[PlyCount "105"]
[EventDate "2014.11.??"]
[EventType "swiss"]
[EventRounds "7"]
[EventCountry "GER"]
[WhiteTeam "SC 1952 Obertshausen"]
[BlackTeam "SC Gross Zimmern"]

1. d4 g6 2. Nf3 Bg7 3. Bf4 Nf6 4. h3 c5 5. e3 cxd4 6. exd4 d6 7. Qc1 O-O 8. Bh6
Qa5+ 9. c3 Qh5 10. Bxg7 Kxg7 11. Be2 b6 12. Ne5 Qf5 13. Bf3 d5 14. g4 Qe6 15.
c4 Bb7 16. Nc3 Rd8 17. g5 Ne8 18. Nxd5 Bxd5 19. cxd5 Rxd5 20. Qf4 f6 21. gxf6+
exf6 22. Bxd5 Qxd5 23. Qf3 Qa5+ 24. Kf1 Qb5+ 25. Kg2 Nc7 26. Rac1 Nba6 27. Ng4
Rf8 28. Rhe1 Nd5 29. Ne3 Nac7 30. Nxd5 Nxd5 31. Kg1 Qd7 32. Qe4 Rf7 33. Qe6
Qxe6 34. Rxe6 Nf4 35. Re3 Nd5 36. Re4 g5 37. Kh2 Kg6 38. Rce1 Kf5 39. Re8 a5
40. a3 h5 41. R1e5+ fxe5 42. Rxe5+ Kf4 43. Rxd5 Ke4 44. Rxg5 Rxf2+ 45. Kg3 Rxb2
46. Kh4 Kxd4 47. Kxh5 Rb3 48. h4 b5 49. a4 bxa4 50. Rg4+ Kc3 51. Rxa4 Rb5+ 52.
Kh6 Rb6+ 53. Kh7 1/2-1/2

[Event "Schloss op 1st"]
[Site "Heusenstamm"]
[Date "2014.11.22"]
[Round "4.50"]
[White "Rapp, Matthias"]
[Black "Krastev, Alexander"]
[Result "0-1"]
[WhiteElo "1485"]
[BlackElo "1745"]
[PlyCount "50"]
[EventDate "2014.11.??"]
[EventType "swiss"]
[EventRounds "7"]
[EventCountry "GER"]
[WhiteTeam "TSV Schott Mainz"]
[BlackTeam "Sfr Biebertal"]

1. e4 e5 2. Nf3 Nc6 3. Bc4 Bc5 4. b4 Bb6 5. c3 d6 6. d4 exd4 7. cxd4 Nf6 8. d5
Ne5 9. Nxe5 dxe5 10. O-O Bd4 11. Nd2 Bxa1 12. Ba3 Bd4 13. Nf3 Bg4 14. b5 Nxe4
15. Qa4 Nc3 16. Qb3 Bxf3 17. gxf3 Qg5+ 18. Kh1 O-O-O 19. Qa4 Qf4 20. b6 Qxf3+
21. Kg1 Bxb6 22. Qb4 Rd6 23. Qxd6 cxd6 24. Bxd6 Qg4+ 25. Kh1 Qxc4 0-1

[Event "Schloss op 1st"]
[Site "Heusenstamm"]
[Date "2014.11.22"]
[Round "4.51"]
[White "Popp, Johann"]
[Black "Leichum, Engelbert"]
[Result "1/2-1/2"]
[WhiteElo "1453"]
[BlackElo "1745"]
[PlyCount "52"]
[EventDate "2014.11.??"]
[EventType "swiss"]
[EventRounds "7"]
[EventCountry "GER"]
[WhiteTeam "VSG 1880 Offenbach"]

1. d4 d5 2. Nf3 Bf5 3. c4 dxc4 4. Qa4+ Nd7 5. Qxc4 Nb6 6. Qb3 e6 7. g3 Nf6 8.
Bg2 c6 9. Nc3 Be7 10. O-O Nfd5 11. Re1 Bg6 12. a3 Qc7 13. Bd2 f5 14. Rac1 O-O
15. Ne5 Be8 16. f4 Bd6 17. Nb5 Qe7 18. Nxd6 Qxd6 19. a4 Qd8 20. Ba5 g5 21. Bxb6
axb6 22. fxg5 Qxg5 23. e4 fxe4 24. Rxe4 Bg6 25. Ree1 Rf5 26. Nxg6 Qxg6 1/2-1/2

[Event "Schloss op 1st"]
[Site "Heusenstamm"]
[Date "2014.11.22"]
[Round "4.52"]
[White "Roytblat, David"]
[Black "Krastev, Ivan"]
[Result "0-1"]
[WhiteElo "1042"]
[BlackElo "1742"]
[PlyCount "64"]
[EventDate "2014.11.??"]
[EventType "swiss"]
[EventRounds "7"]
[EventCountry "GER"]
[WhiteTeam "SC Heusenstamm"]
[BlackTeam "Sfr Biebertal"]

1. e4 e5 2. Nf3 Nc6 3. Bc4 Bc5 4. c3 Nf6 5. d4 exd4 6. e5 d5 7. cxd4 Bb4+ 8.
Bd2 dxc4 9. Bxb4 Nxb4 10. exf6 Nd3+ 11. Kf1 Qxf6 12. Qe2+ Qe6 13. Qxe6+ Bxe6
14. b3 cxb3 15. axb3 Bxb3 16. Nbd2 Bd5 17. Ke2 Nf4+ 18. Kf1 O-O 19. g3 Ne6 20.
Rd1 a5 21. Rg1 a4 22. Ra1 b5 23. Ke1 b4 24. Ke2 b3 25. Ra3 c5 26. dxc5 Nxc5 27.
Rc1 Rfe8+ 28. Kd1 Nd3 29. Rb1 Nxf2+ 30. Kc1 Nd3+ 31. Kd1 Rac8 32. h4 Nf2# 0-1

[Event "Schloss op 1st"]
[Site "Heusenstamm"]
[Date "2014.11.22"]
[Round "4.53"]
[White "Specht, Julius"]
[Black "Gelfenbaum, Daniel"]
[Result "0-1"]
[WhiteElo "982"]
[BlackElo "1715"]
[PlyCount "68"]
[EventDate "2014.11.??"]
[EventType "swiss"]
[EventRounds "7"]
[EventCountry "GER"]
[WhiteTeam "SC 1952 Obertshausen"]
[BlackTeam "TuS Makkabi Frankfurt"]

1. d4 d5 2. c4 e6 3. Nc3 Nf6 4. Nf3 Be7 5. Bf4 Nbd7 6. Nb5 Bb4+ 7. Nd2 Ne4 8.
Nxc7+ Qxc7 9. Bxc7 Bxd2+ 10. Qxd2 Nxd2 11. Kxd2 dxc4 12. e3 b5 13. b3 Bb7 14.
f3 Ke7 15. bxc4 bxc4 16. Bxc4 Rac8 17. Bd6+ Kxd6 18. Rac1 Nb6 19. Bb3 Rxc1 20.
Rxc1 Rc8 21. Rxc8 Nxc8 22. e4 f6 23. a4 a5 24. g4 g5 25. h3 Nb6 26. Kd3 Bc6 27.
Ke3 Bxa4 28. Bxa4 Nxa4 29. Kd3 Nb6 30. Kc2 Kc6 31. h4 gxh4 32. d5+ exd5 33.
exd5+ Kxd5 34. g5 fxg5 0-1

[Event "Schloss op 1st"]
[Site "Heusenstamm"]
[Date "2014.11.22"]
[Round "4.55"]
[White "Guenther, Rainer"]
[Black "Koellner, Aaron Noah"]
[Result "0-1"]
[WhiteElo "1644"]
[BlackElo "1325"]
[PlyCount "80"]
[EventDate "2014.11.??"]
[EventType "swiss"]
[EventRounds "7"]
[EventCountry "GER"]
[WhiteTeam "SV Mainz Mombach"]
[BlackTeam "SV Bergneustadt/Derschlag"]

1. e4 c5 2. Nf3 Nc6 3. d4 cxd4 4. Nxd4 e5 5. Nb5 a6 6. N5c3 Nf6 7. Bg5 Be7 8.
Be2 Nxe4 9. Bxe7 Nxc3 10. Nxc3 Qxe7 11. Nd5 Qd8 12. Qd2 O-O 13. O-O-O a5 14. h4
Nb4 15. Nc3 b6 16. a3 Nc6 17. h5 h6 18. Rh3 Qg5 19. Qxg5 hxg5 20. h6 g6 21. Bc4
Kh7 22. Nd5 f5 23. Nxb6 Ra7 24. Rd6 e4 25. Ba2 f4 26. Nd5 Ba6 27. Nf6+ Kh8 28.
Nxe4 Re8 29. f3 g4 30. Rh4 gxf3 31. gxf3 g5 32. Rh2 g4 33. Ng5 g3 34. Nf7+ Kh7
35. Rg2 Bf1 36. c4 Bxg2 37. Bb1+ Kg8 38. Rf6 Bxf3 39. h7+ Kg7 40. Rxf4 g2 0-1

[Event "Schloss op 1st"]
[Site "Heusenstamm"]
[Date "2014.11.22"]
[Round "4.56"]
[White "Voeller, Lothar"]
[Black "Lanz, Udo"]
[Result "0-1"]
[WhiteElo "1715"]
[BlackElo "1885"]
[PlyCount "114"]
[EventDate "2014.11.??"]
[EventType "swiss"]
[EventRounds "7"]
[EventCountry "GER"]
[WhiteTeam "FS Dortmund"]
[BlackTeam "VSG 1880 Offenbach"]

1. b3 d6 2. Bb2 e5 3. e3 Nf6 4. c4 g6 5. d4 e4 6. d5 Bg7 7. Nd2 O-O 8. h3 Re8
9. Ne2 Nfd7 10. Bxg7 Kxg7 11. Ng3 f5 12. Be2 Ne5 13. O-O Nbd7 14. Qc2 a5 15.
Rae1 Nc5 16. Qc3 Qf6 17. Qd4 Bd7 18. f4 exf3 19. Nxf3 Re7 20. Nxe5 Qxe5 21.
Qxe5+ Rxe5 22. Rf3 Rae8 23. Bf1 g5 24. Nh5+ Kg6 25. Ng3 f4 26. Ne2 Rxe3 27.
Rxe3 Rxe3 28. Rd1 Kf6 29. Nd4 h6 30. Nc2 Re5 31. Re1 Bf5 32. Rxe5 Kxe5 33. Na3
c6 34. dxc6 bxc6 35. Kf2 h5 36. Be2 g4 37. hxg4 hxg4 38. Bd1 Nd3+ 39. Ke2 Nc1+
40. Kd2 Nxa2 41. Nc2 Nb4 42. Ne1 d5 43. cxd5 cxd5 44. Kc3 Ke4 45. Kd2 d4 46.
Be2 Ke5 47. Bb5 Be4 48. Be2 Kf5 49. Bb5 f3 50. Bf1 f2 51. Nd3 Bxd3 52. Bxd3+
Nxd3 53. Ke2 g3 54. Kf1 Nf4 55. b4 d3 56. bxa5 d2 57. a6 d1=R# 0-1

[Event "Schloss op 1st"]
[Site "Heusenstamm"]
[Date "2014.11.22"]
[Round "4.57"]
[White "Haftmann, Rainer"]
[Black "Muegendt, Brian Christopher"]
[Result "1-0"]
[WhiteElo "1884"]
[BlackElo "1622"]
[PlyCount "119"]
[EventDate "2014.11.??"]
[EventType "swiss"]
[EventRounds "7"]
[EventCountry "GER"]
[WhiteTeam "SG 1945 Dietzenbach"]
[BlackTeam "SC Heusenstamm"]

1. e4 d5 2. exd5 Qxd5 3. Nc3 Qa5 4. d4 Nf6 5. Bd3 c6 6. h3 Be6 7. Nf3 Nbd7 8.
O-O Qc7 9. a4 Nd5 10. Bd2 Nxc3 11. bxc3 Nb6 12. Qe2 Bd5 13. c4 Bxf3 14. Qxf3
Qd7 15. a5 Qxd4 16. axb6 Qxb6 17. Rfb1 Qc7 18. Bf4 Qd7 19. Rd1 Qd4 20. Rab1 Qf6
21. Rxb7 e5 22. Be4 Rc8 23. Bxe5 Qxf3 24. Bxf3 a5 25. Bd6 Bxd6 26. Rxd6 O-O 27.
Bxc6 h6 28. Bd5 Rc5 29. Rdd7 a4 30. Bxf7+ Kh7 31. Bd5 Kg6 32. Rxg7+ Kf5 33.
Rbf7+ Rxf7 34. Rxf7+ Ke5 35. Ra7 h5 36. Rxa4 Kf4 37. g3+ Kf5 38. Bf3 Kg5 39.
Rb4 Rc7 40. Rb5+ Kf6 41. Rxh5 Rxc4 42. Rh6+ Kg5 43. Rc6 Ra4 44. Rc5+ Kf6 45. g4
Ra3 46. Kg2 Ra2 47. Be4 Ra4 48. c4 Ra2 49. Kg3 Ra3+ 50. f3 Rc3 51. Kf4 Kg7 52.
h4 Kh6 53. Rc6+ Kg7 54. Kg5 Kf7 55. h5 Rc1 56. h6 Rh1 57. h7 Rh2 58. Rc7+ Ke6
59. Rc8 Ke7 60. h8=Q 1-0

[Event "Schloss op 1st"]
[Site "Heusenstamm"]
[Date "2014.11.22"]
[Round "4.61"]
[White "Fey, Karl-Heinz"]
[Black "Senatov, Boris"]
[Result "0-1"]
[WhiteElo "884"]
[BlackElo "1213"]
[PlyCount "42"]
[EventDate "2014.11.??"]
[EventType "swiss"]
[EventRounds "7"]
[EventCountry "GER"]
[WhiteTeam "SC Hassloch"]
[BlackTeam "SC Heusenstamm"]

1. c4 e5 2. a3 Nf6 3. Nc3 b6 4. e4 Bb7 5. d3 c6 6. Nf3 d6 7. Be2 Nbd7 8. O-O d5
9. cxd5 cxd5 10. exd5 Nxd5 11. d4 exd4 12. Nxd4 Nxc3 13. bxc3 Rc8 14. Bb2 Be7
15. Nb5 O-O 16. Nxa7 Rc5 17. c4 Ne5 18. Qb3 Qa8 19. Nb5 Bxg2 20. Bd4 Bxf1 21.
Bxc5 Qg2# 0-1

[Event "Schloss op 1st"]
[Site "Heusenstamm"]
[Date "2014.11.22"]
[Round "4.62"]
[White "Fitzke, Tobias"]
[Black "Masoudi, Kian"]
[Result "0-1"]
[WhiteElo "959"]
[BlackElo "1178"]
[PlyCount "64"]
[EventDate "2014.11.??"]
[EventType "swiss"]
[EventRounds "7"]
[EventCountry "GER"]
[WhiteTeam "SC Heusenstamm"]
[BlackTeam "SC Bergen Enkheim 1922"]

1. e4 e5 2. Nf3 Nc6 3. Bc4 Bc5 4. O-O d6 5. c3 a6 6. d4 exd4 7. cxd4 Bb6 8. d5
Na5 9. Bb3 Nf6 10. Nc3 Bg4 11. h3 h5 12. hxg4 hxg4 13. Nh2 g3 14. Be3 Rxh2 15.
Bxb6 Nxe4 16. Nxe4 gxf2+ 17. Rxf2 Qh4 18. Ba4+ Kf8 19. Kf1 Rh1+ 20. Ke2 Rxd1
21. Rxd1 Qxe4+ 22. Be3 Nc4 23. Rf3 Nxb2 24. Bc2 Qxc2+ 25. Rd2 Qc4+ 26. Kf2 Nd3+
27. Kg3 Ne5 28. Rf4 Qc3 29. Kf2 Re8 30. Rh4 Ng4+ 31. Rxg4 Qxe3+ 32. Kf1 Qe1#
0-1

[Event "Schloss op 1st"]
[Site "Heusenstamm"]
[Date "2014.11.22"]
[Round "5.2"]
[White "Inkiov, Ventzislav"]
[Black "Rausis, Igors"]
[Result "1/2-1/2"]
[WhiteElo "2429"]
[BlackElo "2586"]
[PlyCount "27"]
[EventDate "2014.11.??"]
[EventType "swiss"]
[EventRounds "7"]
[EventCountry "GER"]
[BlackTeam "Godesberger SK"]

1. e4 e5 2. Nf3 Nf6 3. Nxe5 d6 4. Nf3 Nxe4 5. Qe2 Qe7 6. d3 Nf6 7. Bg5 Qxe2+ 8.
Bxe2 Be7 9. Nc3 Bd7 10. O-O-O h6 11. Bh4 Nc6 12. h3 O-O 13. Rhe1 Rfe8 14. d4
1/2-1/2

[Event "Schloss op 1st"]
[Site "Heusenstamm"]
[Date "2014.11.22"]
[Round "5.3"]
[White "Sumets, Andrey"]
[Black "Dorst, Johannes"]
[Result "1-0"]
[WhiteElo "2580"]
[BlackElo "2254"]
[PlyCount "167"]
[EventDate "2014.11.??"]
[EventType "swiss"]
[EventRounds "7"]
[EventCountry "GER"]
[WhiteTeam "SF Lilienthal"]
[BlackTeam "SK Marburg 1931/72"]

1. d4 Nf6 2. c4 g6 3. Nc3 Bg7 4. e4 d6 5. Nf3 O-O 6. Be2 e5 7. O-O exd4 8. Nxd4
Re8 9. f3 Nc6 10. Be3 Nh5 11. Qd2 Nxd4 12. Bxd4 Nf4 13. Rfd1 Nxe2+ 14. Qxe2 Be6
15. Bxg7 Kxg7 16. c5 Qg5 17. cxd6 cxd6 18. Qf2 Qc5 19. Rd2 Rac8 20. Rad1 b5 21.
Qd4+ Kf8 22. Qxc5 Rxc5 23. Rxd6 b4 24. Nd5 Rc2 25. Nxb4 Rxb2 26. a3 a5 27. Nc6
a4 28. Rd8 Rxd8 29. Rxd8+ Kg7 30. Nd4 Bb3 31. Rb8 Ra2 32. Nxb3 Rb2 33. Rb4 axb3
34. h4 h5 35. Kh2 Rb1 36. Kg3 b2 37. Kf4 Ra1 38. Rxb2 Rxa3 39. Rb5 Ra2 40. g3
Ra6 41. Rd5 Rb6 42. Ke3 Rb3+ 43. Rd3 Rb5 44. Kf4 Rb6 45. Ke5 Ra6 46. f4 Ra5+
47. Kd4 Ra4+ 48. Kd5 Ra5+ 49. Kd6 Ra6+ 50. Kd7 Kf8 51. Rc3 Ra7+ 52. Rc7 Ra3 53.
Rc8+ Kg7 54. Ke8 Ra7 55. Rd8 Rb7 56. Rd7 Rb8+ 57. Ke7 Rb6 58. e5 Ra6 59. Rd3
Ra7+ 60. Kd6 Ra6+ 61. Kd5 Ra5+ 62. Ke4 Ra4+ 63. Kf3 Ra5 64. g4 hxg4+ 65. Kxg4
Ra1 66. Rd7 Ra6 67. h5 gxh5+ 68. Kxh5 Rh6+ 69. Kg4 Rg6+ 70. Kf3 Ra6 71. f5 Ra5
72. Kf4 Kf8 73. Rb7 Ke8 74. Rb8+ Kd7 75. Kg5 Rxe5 76. Kf6 Ra5 77. Rf8 Ra1 78.
Kxf7 Rf1 79. f6 Rf2 80. Ra8 Rf1 81. Ra2 Rd1 82. Kf8 Rf1 83. f7 Rd1 84. Rf2 1-0

[Event "Schloss op 1st"]
[Site "Heusenstamm"]
[Date "2014.11.22"]
[Round "5.4"]
[White "Zuyev, Igor"]
[Black "Danin, Alexandre"]
[Result "1/2-1/2"]
[WhiteElo "2379"]
[BlackElo "2564"]
[PlyCount "86"]
[EventDate "2014.11.??"]
[EventType "swiss"]
[EventRounds "7"]
[EventCountry "GER"]
[WhiteTeam "SC Heusenstamm"]
[BlackTeam "Bochumer SV"]

1. e4 e6 2. d4 d5 3. Nc3 Nf6 4. Bg5 Be7 5. e5 Nfd7 6. Bxe7 Qxe7 7. f4 O-O 8.
Nf3 c5 9. dxc5 Nc6 10. Qd2 Nxc5 11. O-O-O a6 12. Bd3 b5 13. Qf2 Nxd3+ 14. Rxd3
b4 15. Na4 a5 16. Rd2 Bd7 17. Nb6 Ra7 18. f5 Rb8 19. Nd4 Nxd4 20. Nxd7 Rxd7 21.
f6 gxf6 22. exf6 Qf8 23. Rxd4 Qh6+ 24. Kb1 Kh8 25. Rc1 Rg8 26. h3 Rg5 27. Rf4
Rd8 28. g4 Rgg8 29. h4 Rc8 30. g5 Qh5 31. Qa7 Ra8 32. Qb7 Rgb8 33. Qc7 Rc8 34.
Qd7 Rc5 35. Rf2 Rac8 36. Rh2 R5c7 37. Qb5 Rc5 38. Qb7 Kg8 39. Rhh1 R5c7 40. Qb5
Rc5 41. Qd7 Kh8 42. Qb7 R5c7 43. Qb5 Rc5 1/2-1/2

[Event "Schloss op 1st"]
[Site "Heusenstamm"]
[Date "2014.11.22"]
[Round "5.5"]
[White "Solonar, Stefan"]
[Black "Sadzikowski, Daniel"]
[Result "0-1"]
[WhiteElo "2350"]
[BlackElo "2496"]
[PlyCount "70"]
[EventDate "2014.11.??"]
[EventType "swiss"]
[EventRounds "7"]
[EventCountry "GER"]
[WhiteTeam "SC Heusenstamm"]
[BlackTeam "SC Heusenstamm"]

1. c4 Nf6 2. Nc3 g6 3. e4 d6 4. d4 Bg7 5. Nf3 O-O 6. Be2 e5 7. O-O Nc6 8. d5
Ne7 9. Nd2 Ne8 10. b4 f5 11. c5 Nf6 12. f3 f4 13. Nc4 g5 14. g4 h5 15. h3 Ng6
16. a4 Rf7 17. cxd6 cxd6 18. a5 Bf8 19. Rf2 Rh7 20. Rh2 Bd7 21. Bd2 Rc8 22. Na3
a6 23. Nc4 Rc7 24. Nb6 Be8 25. Be1 hxg4 26. hxg4 Rxh2 27. Kxh2 Rh7+ 28. Kg2 Qc7
29. Bd2 Rh6 30. Qg1 Qh7 31. Rf1 Rh3 32. Be1 Nh4+ 33. Kxh3 Nxf3+ 34. Kg2 Nxg1
35. Rxg1 Bg6 0-1

[Event "Schloss op 1st"]
[Site "Heusenstamm"]
[Date "2014.11.22"]
[Round "5.7"]
[White "Schmittdiel, Eckhard"]
[Black "Kolker, Vladislav"]
[Result "1-0"]
[WhiteElo "2450"]
[BlackElo "1982"]
[PlyCount "77"]
[EventDate "2014.11.??"]
[EventType "swiss"]
[EventRounds "7"]
[EventCountry "GER"]
[WhiteTeam "SC Hansa Dortmund"]
[BlackTeam "SC Bad Nauheim"]

1. e4 e5 2. Nf3 Nc6 3. d4 exd4 4. Nxd4 Bc5 5. Be3 Qf6 6. c3 Nge7 7. Bc4 Ne5 8.
Be2 Qg6 9. O-O d5 10. Nf5 Bxe3 11. fxe3 dxe4 12. Qa4+ N7c6 13. Bh5 Qg5 14. h4
Qf6 15. Qxe4 O-O 16. Nd4 Qh6 17. Nxc6 Nxc6 18. Bxf7+ Kh8 19. Na3 Bd7 20. Rf4
Be8 21. Raf1 Rxf7 22. Rxf7 Bxf7 23. Rxf7 Qh5 24. Rxc7 Re8 25. Qf4 Ne5 26. Re7
h6 27. Rxe8+ Qxe8 28. Qe4 Qh5 29. Nc4 Qd1+ 30. Kh2 Ng4+ 31. Kg3 Nf6 32. Qd4
Qe1+ 33. Kf4 Qxh4+ 34. Kf3 Qe1 35. Qd8+ Kh7 36. Qd3+ Kg8 37. Ne5 h5 38. Ng6 h4
39. Qc4+ 1-0